Giáo trình cơ sở lý thuyết hóa học Dùng cho các trường Đại hoc khối Nông Lâm Ngư

Kaydedildi:
Detaylı Bibliyografya
Yazar: Nguyễn Văn Tấu
Materyal Türü: Kitap
Dil:Undetermined
Baskı/Yayın Bilgisi: Hà Nội ĐH và THCN 1990
Konular:
Etiketler: Etiketle
Etiket eklenmemiş, İlk siz ekleyin!
Thư viện lưu trữ: Trung tâm Học liệu Trường Đại học Cần Thơ
LEADER 00611nam a2200181Ia 4500
001 CTU_2724
008 210402s9999 xx 000 0 und d
082 |a 540 
082 |b T125 
100 |a Nguyễn Văn Tấu 
245 0 |a Giáo trình cơ sở lý thuyết hóa học 
245 0 |b Dùng cho các trường Đại hoc khối Nông Lâm Ngư 
245 0 |c Nguyễn Văn Tấu, Vũ văn Soan 
260 |a Hà Nội 
260 |b ĐH và THCN 
260 |c 1990 
650 |a chemistry, physical and theoretical 
980 |a Trung tâm Học liệu Trường Đại học Cần Thơ